Calvin Harris Charting Songs (Billboard Hot 100) - Statistics

General Stats
  • This quiz has been taken 188 times
    117 since last reset
  • The average score is 11 of 22
Answer Stats
Album Weeks On Peak Artist(s) Song % Correct
Motion 26 Weeks #7 Calvin Harris Summer
91%
Talk That Talk 42 Weeks #1 (10 Weeks) Rihanna ft. Calvin Harris We Found Love
85%
Funk Wav Bounces Vol. 1 18 Weeks #20 Calvin Harris ft. Pharrell Williams, Katy Perry & Big Sean Feels
82%
96 Months 32 Weeks #3 Calvin Harris ft. Rihanna This Is What You Came For
82%
Dua Lipa: Complete Edition 21 Weeks #26 Calvin Harris & Dua Lipa One Kiss
78%
Motion 20 Weeks #29 Calvin Harris ft. Ellie Goulding Outside
73%
Motion 20 Weeks #19 Calvin Harris ft. John Newman Blame
69%
18 Months 25 Weeks #16 Calvin Harris ft. Ellie Goulding I Need Your Love
62%
96 Months 20 Weeks #27 Calvin Harris & Disciples How Deep Is Your Love
56%
Funk Wav Bounces Vol. 1 20 Weeks #25 Calvin Harris ft. Frank Ocean & Migos Slide
56%
18 Months 27 Weeks #10 Calvin Harris ft. Florence Welch Sweet Nothing
55%
18 Months 26 Weeks #12 Calvin Harris Feel So Close
53%
96 Months 12 Weeks #65 Calvin Harris & Sam Smith Promises
44%
18 Months 20 Weeks #17 Calvin Harris ft. Ne-Yo Let's Go
40%
96 Months 10 Weeks #24 Calvin Harris My Way
40%
Funk Wav Bounces Vol. 2 3 Weeks #71 Calvin Harris, Dua Lipa & Young Thug Potion
40%
Funk Wav Bounces Vol. 1 4 Weeks #62 Calvin Harris ft. Future & Khalid Rollin'
33%
Funk Wav Bounces Vol. 1 1 Week #96 Calvin Harris ft. Young Thug, Pharrell Williams & Ariana Grande Heatstroke
31%
18 Months 6 Weeks #86 Calvin Harris ft. Ayah Marar Thinking About You
25%
Non-Album Single 5 Weeks #38 Calvin Harris & The Weeknd Over Now
21%
Funk Wav Bounces Vol. 1 4 Weeks #94 Calvin Harris ft. Kehlani & Lil Yachty Faking It
19%
Grateful 1 Week #68 DJ Khaled & Calvin Harris ft. Travi$ Scott & Jeremih Don't Quit
9%
No matching quizzes found
Score Distribution
Percent of People with Each Score
Percentile by Number Answered
Your Score History
You have not taken this quiz since the last reset